000
00311nam a22001457a 4500
008
210527b ||||| |||| 00| 0 eng d
020
_a
9789997621122
041
_a
eng
080
_2
3rd
_a
617
082
_a
617
100
_a
8
101
_a
ORT
245
_a
Skeletal Trauma
_c
Browner,B.D
942
_2
udc
_c
BK
999
_c
57705
_d
57705